000 00715nam a2200301Ia 4500
005 20260330160908.0
008 008 300114s9999 xx 000 0 eng d
020 _a9781259083112
037 _aEBOOK
040 _aCRL
040 _beng
040 _cCRL
041 _2eng
041 _aeng
084 _qCRL
100 _aSudipta Mukherjee
245 0 _a1000 Problems in Data Structures
250 _a1
260 _bMcgraw Hill
260 _c2008
365 _aINR
365 _b27300
650 _aComputer Science
856 _uhttps://resolver.vitalsource.com/9781259083112/?brand=mcgrawhillindia.vitalsource.com
942 _cEBOOK
999 _c1844170
_d1844170